Teams That Beat Alabama in the Nick Saban Era - Statistics

General Stats
  • This quiz has been taken 73 times
  • The average score is 26 of 29
Answer Stats
Date Postseason Home/Away Alabama's Ranking Opponent's Ranking Score Answer % Correct
11/24/07 Away Unranked 25 17-10 Auburn
100%
11/26/10 Home 11 2 28-27 Auburn
100%
11/30/13 Away 1 4 34-28 Auburn
100%
11/25/17 Away 1 6 26-14 Auburn
100%
11/30/19 Away 5 15 48-45 Auburn
100%
9/22/07 Home 16 22 26-23 OT Georgia
100%
1/10/21 CFP National Championship Neutral Site 1 3 33-18 Georgia
100%
11/3/07 Home 17 3 41-34 LSU
100%
11/6/10 Away 5 10 24-21 LSU
100%
11/5/11 Home 2 1 9-6 OT LSU
100%
11/9/19 Home 3 2 46-41 LSU
100%
11/5/22 Away 6 10 32-31 OT LSU
100%
9/9/23 Home 3 11 34-24 Texas
100%
12/6/08 SEC Championship Game Neutral Site 1 2 31-20 Florida
98%
1/1/24 Rose Bowl/CFP Semifinal Neutral Site 4 1 27-20 OT Michigan
98%
1/9/17 CFP National Championship Neutral Site 1 2 35-31 Clemson
94%
1/7/19 CFP National Championship Neutral Site 1 2 44-16 Clemson
94%
1/1/15 Sugar Bowl/CFP Semifinal Neutral Site 1 4 42-35 Ohio State
94%
10/15/22 Away 3 6 52-49 Tennessee
94%
10/4/14 Away 3 11 23-17 Ole Miss
93%
9/19/15 Home 2 15 43-37 Ole Miss
93%
11/10/12 Home 1 15 29-24 Texas A&M
87%
10/9/21 Away 1 Unranked 41-38 Texas A&M
87%
1/2/14 Sugar Bowl Neutral Site 3 11 45-31 Oklahoma
85%
9/29/07 Neutral Site 22 Unranked 21-14 Florida State
78%
11/10/07 Away 21 Unranked 17-12 Mississippi State
78%
10/9/10 Away 1 19 35-21 South Carolina
70%
1/2/09 Sugar Bowl Neutral Site 4 7 31-17 Utah
52%
11/17/07 Home Unranked Unranked 21-14 Louisiana-Monroe
44%
No matching quizzes found
Score Distribution
Percent of People with Each Score
Percentile by Number Answered
Your Score History
You have not taken this quiz